000 00249nam a22001097a 4500
999 _c12649
_d12649
020 _a9780199475087
082 _aT158.5
100 _aMeenakshi Raman
245 _aCommunication Skills
260 _aIndia
_bOxford University Press
_c2017
942 _cBK